|
|
|
|
| LEADER |
00000cam a2200000 4500 |
| 001 |
vtls012018314 |
| 003 |
SK-MaSNL |
| 005 |
20260301104110.0 |
| 008 |
210316s2021 xo grn 000 0 slo |
| 015 |
|
|
|a SNBA2021/10
|
| 020 |
|
|
|a 9788089666942
|q (viazané)
|
| 040 |
|
|
|a SNK
|b slo
|c SNK
|e rda
|
| 041 |
1 |
|
|a slo
|h ger
|
| 043 |
|
|
|a e-xo---
|
| 044 |
|
|
|a xo
|c SK
|
| 072 |
|
7 |
|a 14
|x Filozofické systémy a hľadiská
|2 konspekt
|
| 080 |
|
|
|a 17.024.2/.3
|2 2011
|
| 080 |
|
|
|a 159.923
|2 2011
|
| 080 |
|
|
|a 165.12
|2 2011
|
| 080 |
|
|
|a (0:82-4)
|2 2011
|
| 100 |
1 |
|
|a Stein, Edith,
|c svätá,
|d 1891-1942
|4 aut
|9 213016
|
| 240 |
1 |
0 |
|a Zum Problem der Einfühlung
|l Slovensky
|
| 245 |
1 |
0 |
|a Problém vcítenia
|c Edita Steinová ; z nemeckého originálu Zum Problem der Einfühlung ... preložil Milan Krankus
|
| 250 |
|
|
|a Prvé slovenské vydanie
|
| 264 |
|
1 |
|a Bratislava
|b Európa
|c 2021
|
| 300 |
|
|
|a 140 strán
|c 21 cm
|
| 336 |
|
|
|a text
|b txt
|2 rdacontent
|
| 337 |
|
|
|a bez média
|b n
|2 rdamedia
|
| 338 |
|
|
|a zväzok
|b nc
|2 rdacarrier
|
| 490 |
1 |
|
|a Šimon
|v 30. zväzok
|
| 500 |
|
|
|a Obsahuje poznámky pod čiarou
|
| 650 |
0 |
7 |
|a empatia
|2 SNKPH
|9 14137
|
| 650 |
0 |
7 |
|a Empathy
|2 SNKPHeng
|9 316950
|
| 650 |
0 |
7 |
|a osobnosť
|2 SNKPH
|9 4341
|
| 650 |
0 |
7 |
|a Personality
|2 SNKPHeng
|9 277289
|
| 650 |
0 |
7 |
|a vedomie
|2 SNKPH
|9 4384
|
| 650 |
0 |
7 |
|a Consciousness
|2 SNKPHeng
|9 315598
|
| 655 |
|
7 |
|a úvahy
|2 SNKPH
|9 29403
|
| 655 |
|
7 |
|a Essays
|2 SNKPHeng
|9 267540
|
| 700 |
1 |
|
|a Krankus, Milan,
|d 1950-
|4 trl
|9 193817
|
| 830 |
|
0 |
|a Šimon
|9 317433
|
| 919 |
|
|
|a 978-80-89666-94-2
|
| 958 |
|
|
|a OP
|
| 968 |
|
|
|b DT
|
| 999 |
|
|
|c 697240
|d 699170
|
| 952 |
|
|
|a SNK
|b SNK
|y PREZ
|7 0
|p 17A1457895
|o snkSC 194021
|i snk2021/11834
|8 0
|0 0
|1 0
|4 0
|d 2021-09-07
|f 1
|l 0
|r 2025-10-10 00:00:00
|w 2026-02-23
|
| 952 |
|
|
|a SNK
|b SNK
|y VYP
|7 0
|p 17A1457896
|o snkSC 194021 D1
|i snk2021/11835
|8 0
|0 0
|1 0
|4 0
|d 2021-09-07
|l 0
|r 2026-02-23 20:46:07
|w 2026-02-23
|